Super pendus - Joueurs de football - Statistiques

Statistiques générales
  • Ce quiz a été pris 2 495 fois
  • Le résultat moyen est 47 sur 64
Statistiques - réponses
Réponses % Correct
A
95%
A
95%
A
95%
A
95%
E
94%
E
94%
E
94%
E
94%
E
94%
E
94%
I
88%
I
88%
I
88%
I
88%
I
88%
I
88%
I
88%
I
88%
O
88%
O
88%
O
88%
O
88%
M
81%
M
81%
L
78%
L
78%
L
78%
L
78%
L
78%
U
74%
U
74%
S
72%
S
72%
S
72%
S
72%
S
72%
T
72%
T
72%
T
72%
T
72%
T
72%
T
72%
P
69%
P
69%
C
65%
C
65%
C
65%
C
65%
D
58%
D
58%
B
56%
K
56%
K
56%
K
56%
K
56%
H
53%
H
53%
Z
53%
Z
53%
Z
53%
V
45%
J
37%
G
36%
W
35%
Aucun quiz correspondant
Distribution des résultats
% des personnes avec chaque résultat
Percentile par nombre de réponses
Votre historique - résultats
Vous n’avez pas pris ce quiz